[Event "16th Dubai Open 2014"]
[Site "Dubai UAE"]
[Date "2014.04.10"]
[Round "4.36"]
[White "Prince, Bajaj"]
[Black "Al Badani, Abdu"]
[Result "1-0"]
[WhiteElo "2319"]
[BlackElo "2175"]
[PlyCount "71"]
[EventDate "2014.04.07"]

1. e4 c5 2. Nf3 Nc6 3. d4 cxd4 4. Nxd4 e5 5. Nb5 Nf6 6. N1c3 d6 7. Bg5 a6 8.
Na3 b5 9. Nd5 Be7 10. Bxf6 Bxf6 11. c4 b4 12. Nc2 O-O 13. g3 Rb8 14. b3 Bg5 15.
Bg2 f5 16. exf5 Bxf5 17. O-O Qd7 18. Nce3 Be6 19. Qd3 Kh8 20. Rad1 Nd4 21. Qe4
Ne2+ 22. Kh1 Nf4 23. gxf4 exf4 24. c5 fxe3 25. Nxe3 Bf4 26. Nd5 Bxd5 27. Rxd5
Rb5 28. c6 Qxc6 29. Rf5 Qc8 30. Rxf4 d5 31. Qe6 Qxe6 32. Rxf8+ Qg8 33. Rxg8+
Kxg8 34. Rd1 Ra5 35. Bxd5+ Kf8 36. Rd2 1-0

[Event "16th Dubai Open 2014"]
[Site "Dubai UAE"]
[Date "2014.04.10"]
[Round "4.37"]
[White "Moayed, Obied"]
[Black "Abhishek, Kelkar"]
[Result "0-1"]
[WhiteElo "2102"]
[BlackElo "2300"]
[PlyCount "116"]
[EventDate "2014.04.07"]

1. d4 Nf6 2. c4 g6 3. Nc3 Bg7 4. e4 d6 5. Be2 O-O 6. Nf3 Bg4 7. Be3 Nfd7 8. Nd2
Bxe2 9. Qxe2 e5 10. d5 a5 11. O-O Na6 12. a3 f5 13. f3 Qh4 14. Rab1 Bh6 15. Bf2
Qh5 16. b4 axb4 17. axb4 Bf4 18. g3 Bxd2 19. Qxd2 fxe4 20. fxe4 Nf6 21. b5 Ng4
22. Be3 Rxf1+ 23. Rxf1 Nb4 24. h4 b6 25. Bf2 Qh6 26. Qe2 Nxf2 27. Qxf2 Rf8 28.
Qxf8+ Qxf8 29. Rxf8+ Kxf8 30. Nb1 g5 31. Kf2 Kg7 32. Kf3 gxh4 33. gxh4 Kg6 34.
Kg4 Nd3 35. Nd2 Nf2+ 36. Kf3 Nd1 37. Kg4 Nc3 38. Kg3 Kh5 39. Kh3 Ne2 40. Nf3 h6
41. Nd2 Ng1+ 42. Kg2 Kxh4 43. Kxg1 Kg3 44. Kf1 h5 45. Ke2 h4 46. Nf1+ Kf4 47.
Kd3 Kf3 48. Nh2+ Kg2 49. Ng4 h3 50. Ke3 h2 51. Nf2 h1=Q 52. Nxh1 Kxh1 53. Kf3
Kh2 54. Kg4 Kg2 55. Kf5 Kf3 56. Ke6 Kxe4 57. Kd7 Kd4 58. Kxc7 Kc5 0-1

[Event "16th Dubai Open 2014"]
[Site "Dubai UAE"]
[Date "2014.04.10"]
[Round "4.38"]
[White "Raes, Abdul Kader"]
[Black "Partac, Elena"]
[Result "1-0"]
[WhiteElo "2248"]
[BlackElo "2101"]
[PlyCount "65"]
[EventDate "2014.04.07"]

1. d4 Nf6 2. Nc3 e6 3. e4 Bb4 4. e5 Ne4 5. Qg4 Nxc3 6. Qxg7 Rf8 7. a3 Na2+ 8.
axb4 Nxc1 9. Rxc1 Qh4 10. Nf3 Qe4+ 11. Be2 Nc6 12. Ng5 Qg6 13. Qxg6 hxg6 14. c3
d5 15. Nh7 Rh8 16. Nf6+ Ke7 17. f4 Bd7 18. Ra1 a6 19. Kd2 Na7 20. h4 Bb5 21.
Bf3 Nc6 22. g4 a5 23. h5 gxh5 24. gxh5 axb4 25. Rxa8 Rxa8 26. h6 bxc3+ 27. Kxc3
Rh8 28. Rg1 Kf8 29. Bh5 Nxe5 30. fxe5 Rxh6 31. Rg8+ Ke7 32. Rc8 c6 33. Re8# 1-0

[Event "16th Dubai Open 2014"]
[Site "Dubai UAE"]
[Date "2014.04.10"]
[Round "4.39"]
[White "Raghavi, N."]
[Black "Harikrishnan, Samyuktha"]
[Result "1-0"]
[WhiteElo "2231"]
[BlackElo "1439"]
[PlyCount "135"]
[EventDate "2014.04.07"]

1. e4 e5 2. Nf3 Nc6 3. Bb5 a6 4. Ba4 Nf6 5. O-O Be7 6. Re1 b5 7. Bb3 O-O 8. h3
Bb7 9. d3 d6 10. a4 Na5 11. Ba2 c5 12. Nbd2 Qc7 13. Nf1 Bc6 14. axb5 axb5 15.
Ng3 Bd7 16. Bd2 h6 17. Nh4 Nc6 18. c3 Be6 19. Bxe6 fxe6 20. Ng6 Rfb8 21. f4
exf4 22. Nxf4 Qd7 23. Ngh5 Rxa1 24. Qxa1 e5 25. Nxf6+ Bxf6 26. Nd5 Bh4 27. Rf1
Ne7 28. Qa2 Nxd5 29. Qxd5+ Kh8 30. Rf7 Qe8 31. Qxd6 Qxf7 32. Qxb8+ Kh7 33. Be3
Qa2 34. Qxe5 Qb1+ 35. Kh2 Qxd3 36. Bxc5 Bf6 37. Qd5 Qf1 38. Qf5+ Qxf5 39. exf5
g6 40. fxg6+ Kxg6 41. Kg3 Kf5 42. Kf3 h5 43. g4+ hxg4+ 44. hxg4+ Ke6 45. Ke4
Bg5 46. b3 Bf6 47. c4 bxc4 48. bxc4 Bg5 49. Bd4 Bd8 50. c5 Kf7 51. c6 Kg6 52.
Be5 Kg5 53. Kf3 Kg6 54. c7 Bxc7 55. Bxc7 Kg5 56. Bd8+ Kg6 57. Kf4 Kf7 58. Kf5
Kg7 59. g5 Kf7 60. g6+ Kg7 61. Bb6 Kg8 62. Kf6 Kh8 63. g7+ Kh7 64. Kf7 Kh6 65.
g8=Q Kh5 66. Bf2 Kh6 67. Be3+ Kh5 68. Qg5# 1-0

[Event "16th Dubai Open 2014"]
[Site "Dubai UAE"]
[Date "2014.04.12"]
[Round "5.2"]
[White "Bachmann, Axel"]
[Black "Lupulescu, Constantin"]
[Result "1/2-1/2"]
[WhiteElo "2598"]
[BlackElo "2660"]
[PlyCount "129"]
[EventDate "2014.04.07"]

1. Nf3 d5 2. g3 Bg4 3. Bg2 e6 4. c4 c6 5. cxd5 Bxf3 6. Bxf3 cxd5 7. O-O Nc6 8.
d4 Nf6 9. Nc3 Be7 10. e3 O-O 11. Bd2 Rc8 12. Rc1 Ne8 13. Na4 Nd6 14. Nc5 b6 15.
Nd3 Ne4 16. Be1 Qd7 17. Be2 Rc7 18. f3 Nd6 19. Nf4 Nb8 20. Rxc7 Qxc7 21. Bd3
Bf6 22. Qe2 g6 23. Bc3 Nc6 24. Qf2 b5 25. Rc1 Qb6 26. Kg2 Rc8 27. b3 a5 28. h4
Na7 29. Qe1 b4 30. Bd2 Rc6 31. Rxc6 Qxc6 32. h5 Nab5 33. hxg6 hxg6 34. Qb1 Nf5
35. g4 Ne7 36. Ne2 e5 37. Qc1 Nd6 38. dxe5 Bxe5 39. a3 Qb6 40. axb4 axb4 41.
Qc2 Nb7 42. f4 Bg7 43. Ng3 Nc5 44. Be2 Nc6 45. Bf3 d4 46. Ne4 Ne6 47. f5 gxf5
48. gxf5 Ned8 49. f6 Bh6 50. exd4 Nxd4 51. Qc8 Bxd2 52. Qg4+ Kf8 53. Qg7+ Ke8
54. Bg4 N4e6 55. Qg8+ Nf8 56. Nxd2 Qxf6 57. Nc4 Qd4 58. Qg5 Nfe6 59. Qb5+ Kf8
60. Qxb4+ Kg7 61. Bxe6 Nxe6 62. Qd2 Qg4+ 63. Kf1 Qf3+ 64. Qf2 Qxb3 65. Qb2+
1/2-1/2

[Event "16th Dubai Open 2014"]
[Site "Dubai UAE"]
[Date "2014.04.12"]
[Round "5.3"]
[White "Iturrizaga Bonelli, Eduardo"]
[Black "Andriasian, Zaven"]
[Result "1/2-1/2"]
[WhiteElo "2635"]
[BlackElo "2603"]
[PlyCount "96"]
[EventDate "2014.04.07"]

1. Nf3 d5 2. c4 c6 3. e3 Nf6 4. Nc3 Nbd7 5. Qc2 e5 6. cxd5 Nxd5 7. a3 Nxc3 8.
bxc3 Bd6 9. d4 O-O 10. Bd3 h6 11. O-O Qe7 12. e4 Rd8 13. Bb2 c5 14. d5 Nf8 15.
Nd2 Ng6 16. g3 Qg5 17. Kh1 Bh3 18. Rg1 Qf6 19. c4 Qe7 20. Rae1 a5 21. f4 Bd7
22. f5 Nf8 23. Ref1 Nh7 24. a4 Ra6 25. Bc3 Qe8 26. Ra1 Rb8 27. Rgb1 Bc7 28. Nf3
Ng5 29. Nh4 Rd6 30. Qf2 b6 31. Bc2 Rc8 32. Ng2 Bd8 33. h4 Nh7 34. Ne3 Bf6 35.
Rb2 Ra8 36. Bd1 g6 37. fxg6 fxg6 38. Bg4 Bg7 39. Bxd7 Qxd7 40. Rab1 Rb8 41. Qg2
h5 42. Bxa5 Bh6 43. Nf1 Qxa4 44. Rxb6 Rdxb6 45. Rxb6 Rxb6 46. Bxb6 Qxc4 47. Qf3
Nf8 48. Ba5 Nd7 1/2-1/2

[Event "16th Dubai Open 2014"]
[Site "Dubai UAE"]
[Date "2014.04.12"]
[Round "5.4"]
[White "Istratescu, Andrei"]
[Black "Ismagambetov, Anuar"]
[Result "1/2-1/2"]
[WhiteElo "2667"]
[BlackElo "2493"]
[PlyCount "112"]
[EventDate "2014.04.07"]

1. d4 Nf6 2. c4 e6 3. Nc3 c5 4. d5 exd5 5. cxd5 d6 6. e4 g6 7. h3 Bg7 8. Nf3 a6
9. a4 Nbd7 10. Be2 O-O 11. Be3 Rb8 12. Nd2 Ne8 13. O-O f5 14. exf5 gxf5 15. f4
Ndf6 16. a5 Bd7 17. Nc4 Bb5 18. Qd2 Nc7 19. Rae1 Bxc4 20. Bxc4 Kh8 21. Qd3 b5
22. axb6 Rxb6 23. b3 Qd7 24. Bf2 Rbb8 25. Bh4 Nb5 26. Bxb5 axb5 27. Re6 Ng8 28.
Ne2 Rbe8 29. Rxe8 Qxe8 30. Ng3 Bd4+ 31. Kh2 Qf7 32. Rd1 b4 33. Ne2 Bg7 34. Ng1
Re8 35. Nf3 h6 36. Re1 Rxe1 37. Nxe1 Ne7 38. Bxe7 Qxe7 39. Nc2 Qe4 40. Qxe4
fxe4 41. Kg3 c4 42. bxc4 b3 43. Na3 Bd4 44. f5 Kg7 45. Kf4 e3 46. Kf3 Kf6 47.
g4 b2 48. h4 h5 49. g5+ Kxf5 50. Nb1 Kg6 51. Ke2 Kf5 52. Kf3 Ke5 53. Na3 Bb6
54. c5 dxc5 55. Nc4+ Kxd5 56. Nxb2 c4 1/2-1/2

[Event "16th Dubai Open 2014"]
[Site "Dubai UAE"]
[Date "2014.04.12"]
[Round "5.6"]
[White "Akopian, Vladimir"]
[Black "Jankovic, Alojzije"]
[Result "1-0"]
[WhiteElo "2674"]
[BlackElo "2554"]
[PlyCount "73"]
[EventDate "2014.04.07"]

1. e4 c5 2. Nf3 d6 3. d4 cxd4 4. Nxd4 Nf6 5. Nc3 Nc6 6. Bg5 e6 7. Qd2 a6 8.
O-O-O Bd7 9. f4 b5 10. Bxf6 gxf6 11. Kb1 Qb6 12. Nxc6 Bxc6 13. f5 Qc5 14. Bd3
b4 15. Ne2 e5 16. c3 b3 17. axb3 h5 18. Qc2 a5 19. Bc4 Rb8 20. Bd5 Bd7 21. Nc1
Bh6 22. Nd3 Qb6 23. Qe2 Be3 24. Rhe1 Bg5 25. h4 Bxh4 26. Rh1 Bg5 27. Rxh5 Ke7
28. Rdh1 Rxh5 29. Rxh5 Bc6 30. Bxc6 Qxc6 31. b4 Qc4 32. bxa5 Qxc3 33. Rh8 Rb3
34. a6 Be3 35. Rh3 Bd4 36. a7 Bxa7 37. Nc1 1-0

[Event "16th Dubai Open 2014"]
[Site "Dubai UAE"]
[Date "2014.04.12"]
[Round "5.7"]
[White "Kostenko, Petr"]
[Black "Balogh, Csaba"]
[Result "1/2-1/2"]
[WhiteElo "2506"]
[BlackElo "2656"]
[PlyCount "75"]
[EventDate "2014.04.07"]

1. c4 e5 2. Nc3 Nf6 3. Nf3 Nc6 4. g3 Bb4 5. Nd5 Bc5 6. Bg2 O-O 7. O-O d6 8. d3
Nxd5 9. cxd5 Nd4 10. Nxd4 Bxd4 11. e3 Bb6 12. a4 a5 13. Bd2 Bd7 14. Rc1 Qe8 15.
Rc4 Bc5 16. Rh4 f5 17. Re1 Qf7 18. Rc4 b5 19. axb5 Bxb5 20. Rc3 e4 21. Bf1 Bb4
22. Rc1 Bxd2 23. Qxd2 exd3 24. Qc3 Qxd5 25. Bg2 Qe6 26. Red1 c6 27. Bxc6 Rac8
28. Bxb5 Rxc3 29. Rxc3 Rb8 30. Bxd3 Rc8 31. Ra3 Qe5 32. Ra4 Qxb2 33. Rxa5 Rc1
34. Rxc1 Qxc1+ 35. Bf1 g6 36. Rd5 Qc7 37. Rd4 Kf7 38. h4 1/2-1/2

[Event "16th Dubai Open 2014"]
[Site "Dubai UAE"]
[Date "2014.04.12"]
[Round "5.8"]
[White "Kuzubov, Yuriy"]
[Black "Dizdar, Goran"]
[Result "1-0"]
[WhiteElo "2639"]
[BlackElo "2513"]
[PlyCount "67"]
[EventDate "2014.04.07"]

1. c4 e6 2. Nc3 Nf6 3. e4 d5 4. e5 d4 5. exf6 dxc3 6. bxc3 Qxf6 7. Bd3 e5 8.
Nf3 Na6 9. O-O Bd6 10. Bc2 Bg4 11. d4 Bxf3 12. Qxf3 Qxf3 13. gxf3 exd4 14. Re1+
Kd8 15. cxd4 c5 16. d5 Kc7 17. Bb2 Rhe8 18. a3 Rad8 19. Re4 Rxe4 20. fxe4 f6
21. Kh1 Be5 22. Bxe5+ fxe5 23. Rg1 g6 24. Rg5 Kd6 25. f4 exf4 26. e5+ Ke7 27.
h4 Rf8 28. h5 f3 29. Kg1 Rf4 30. hxg6 hxg6 31. Rxg6 Rxc4 32. d6+ Kf8 33. Bf5
Rh4 34. d7 1-0

[Event "16th Dubai Open 2014"]
[Site "Dubai UAE"]
[Date "2014.04.12"]
[Round "5.9"]
[White "Ghosh, Diptayan"]
[Black "Solak, Dragan"]
[Result "1/2-1/2"]
[WhiteElo "2485"]
[BlackElo "2635"]
[PlyCount "41"]
[EventDate "2014.04.07"]

1. d4 d6 2. Nf3 g6 3. c4 Bg7 4. g3 e5 5. Nc3 Nd7 6. Bg2 Ngf6 7. O-O O-O 8. e4
exd4 9. Nxd4 Re8 10. h3 Nc5 11. Re1 a5 12. b3 Bd7 13. Rb1 h5 14. Bg5 Qc8 15.
Kh2 Nh7 16. Be3 c6 17. Qd2 Qc7 18. Kg1 Qc8 19. Kh2 Qc7 20. Kg1 Qc8 21. Kh2
1/2-1/2

[Event "16th Dubai Open 2014"]
[Site "Dubai UAE"]
[Date "2014.04.12"]
[Round "5.10"]
[White "Shyam, Sundar M"]
[Black "Mchedlishvili, Mikheil"]
[Result "1/2-1/2"]
[WhiteElo "2481"]
[BlackElo "2628"]
[PlyCount "60"]
[EventDate "2014.04.07"]

1. e4 c5 2. Nf3 e6 3. c3 Nf6 4. e5 Nd5 5. Bc4 Nc6 6. O-O d6 7. d4 cxd4 8. Bxd5
exd5 9. Bf4 Be6 10. cxd4 dxe5 11. Nxe5 Nxe5 12. Bxe5 f6 13. Bg3 Qd7 14. Nc3 Bb4
15. Qb3 Bxc3 16. Qxc3 Kf7 17. Rac1 Rac8 18. Qb4 Rxc1 19. Rxc1 Rc8 20. Rxc8 Qxc8
21. h3 a6 22. Kh2 Qd7 23. Qd6 Qxd6 24. Bxd6 Bd7 25. Kg3 Be6 26. b3 Bd7 27. Bc5
Be6 28. Bd6 Bd7 29. Bc5 Be6 30. a4 Bd7 1/2-1/2

[Event "16th Dubai Open 2014"]
[Site "Dubai UAE"]
[Date "2014.04.12"]
[Round "5.11"]
[White "Vakhidov, Jahongir"]
[Black "Rakhmanov, Aleksandr"]
[Result "0-1"]
[WhiteElo "2472"]
[BlackElo "2610"]
[PlyCount "104"]
[EventDate "2014.04.07"]

1. d4 Nf6 2. Nf3 g6 3. c4 Bg7 4. Nc3 O-O 5. Bg5 d6 6. e3 Nbd7 7. Be2 h6 8. Bh4
c6 9. Qc2 a6 10. O-O b5 11. a4 b4 12. Nb1 c5 13. d5 Qe8 14. Nbd2 e5 15. Bd3 a5
16. b3 Nh7 17. e4 Ndf6 18. Bxf6 Bxf6 19. Ne1 h5 20. g3 Ng5 21. h4 Nh3+ 22. Kg2
Qd7 23. Rh1 Bg7 24. Be2 Bh6 25. Nef3 f6 26. Nh2 Ra7 27. Rad1 Rf7 28. Ndf1 Rg7
29. Ne3 Qd8 30. Nhf1 Nf4+ 31. Kg1 Nxe2+ 32. Qxe2 Raf7 33. Rd3 f5 34. exf5 gxf5
35. Ng2 Qf6 36. f4 exf4 37. Qe8+ Rf8 38. Qxh5 fxg3 39. Rxg3 f4 40. Rxg7+ Qxg7
41. Qf3 Bg4 42. Qf2 f3 43. Nge3 Bh5+ 44. Kh2 Bf4+ 45. Ng3 Re8 46. Re1 Rxe3 47.
Rxe3 Bxe3 48. Qe1 Bf4 49. Qe6+ Qf7 50. Qc8+ Kh7 51. Kh3 Bxg3 52. Qg8+ Kxg8 0-1

[Event "16th Dubai Open 2014"]
[Site "Dubai UAE"]
[Date "2014.04.12"]
[Round "5.12"]
[White "Stevic, Hrvoje"]
[Black "Cicak, Slavko"]
[Result "1-0"]
[WhiteElo "2607"]
[BlackElo "2507"]
[PlyCount "133"]
[EventDate "2014.04.07"]

1. e4 c5 2. b3 Nf6 3. e5 Nd5 4. Bb2 g6 5. g3 Bg7 6. Bg2 Nc7 7. f4 d6 8. Nf3 Nc6
9. d3 O-O 10. Nbd2 Nd5 11. Qe2 Ncb4 12. Nf1 Bg4 13. a3 Nc6 14. Qe4 Bxf3 15.
Bxf3 e6 16. Ne3 dxe5 17. Nxd5 f5 18. Qc4 e4 19. Bxg7 exd5 20. Qc3 d4 21. Qxc5
Kxg7 22. dxe4 fxe4 23. Bg2 Rxf4 24. gxf4 Qh4+ 25. Kd1 Qg4+ 26. Kc1 Qxg2 27. Kb2
Rf8 28. Rag1 Qf3 29. Rf1 Qh3 30. Qd5 Qc3+ 31. Kb1 e3 32. f5 e2 33. f6+ Kh6 34.
Re1 d3 35. Qxd3 Qxd3 36. cxd3 Nd4 37. Kb2 Rc8 38. h4 Rc2+ 39. Kb1 Rd2 40. b4
Rxd3 41. Kb2 Rb3+ 42. Ka2 Rf3 43. Kb2 Kh5 44. a4 Rf2 45. Kc3 Ne6 46. Kd2 Rxf6
47. Rxe2 b6 48. Re5+ Kh6 49. Ke3 Ng7 50. Rd5 Rc6 51. Kd3 Rf6 52. Kc4 Rf2 53.
Rd7 a6 54. Rd6 Rf4+ 55. Kc3 Rf3+ 56. Kb2 Rf2+ 57. Kb1 b5 58. Ka1 Nf5 59. Rxa6
Nd4 60. axb5 Nxb5 61. h5 Kg7 62. h6+ Kf7 63. Rc1 Rf4 64. Rb6 Rxb4 65. Rc5 Ra4+
66. Kb2 Rb4+ 67. Kc1 1-0

[Event "16th Dubai Open 2014"]
[Site "Dubai UAE"]
[Date "2014.04.12"]
[Round "5.13"]
[White "Iordachescu, Viorel"]
[Black "Carlsson, Pontus"]
[Result "1-0"]
[WhiteElo "2601"]
[BlackElo "2486"]
[PlyCount "73"]
[EventDate "2014.04.07"]

1. e4 c5 2. Nf3 d6 3. Bb5+ Bd7 4. Bxd7+ Qxd7 5. c4 Nf6 6. Nc3 g6 7. d4 cxd4 8.
Nxd4 Bg7 9. f3 Qc7 10. b3 Qa5 11. Bd2 Nc6 12. Nde2 Qb6 13. Na4 Qd8 14. O-O O-O
15. Nac3 a6 16. a4 e6 17. Bg5 h6 18. Bh4 g5 19. Bf2 d5 20. exd5 exd5 21. cxd5
Ne7 22. d6 Nc8 23. Rc1 Qxd6 24. Qc2 Qc7 25. Ng3 Ne7 26. Qb1 Qf4 27. Rfe1 Rfe8
28. Nce2 Qb8 29. Nd4 Qf4 30. Rc4 Qd2 31. b4 Ned5 32. Rxe8+ Rxe8 33. Nf1 Qf4 34.
Bg3 Nc3 35. Qd3 Nfd5 36. Bxf4 Nxf4 37. Qxc3 1-0

[Event "16th Dubai Open 2014"]
[Site "Dubai UAE"]
[Date "2014.04.12"]
[Round "5.14"]
[White "Melia, Salome"]
[Black "Volkov, Sergey"]
[Result "1/2-1/2"]
[WhiteElo "2459"]
[BlackElo "2600"]
[PlyCount "92"]
[EventDate "2014.04.07"]

1. e4 e6 2. d4 d5 3. Nc3 Nf6 4. e5 Nfd7 5. f4 c5 6. Nf3 Nc6 7. Be3 Be7 8. dxc5
O-O 9. Qd2 Qa5 10. O-O-O Bxc5 11. Bxc5 Nxc5 12. Kb1 Bd7 13. Qe3 Rac8 14. a3 Qb6
15. Nd4 Rfd8 16. Be2 Be8 17. f5 exf5 18. Nxf5 d4 19. Qg3 g6 20. Na2 Ne4 21.
Nh6+ Kf8 22. Qf3 Nc3+ 23. Nxc3 dxc3 24. Qxc3 Nd4 25. Bc4 Qc5 26. Bxf7 Qxe5 27.
Qb4+ Kg7 28. Bxe8 Nxc2 29. Qh4 Qxe8 30. Rxd8 Qxd8 31. Qxd8 Rxd8 32. Kxc2 Kxh6
33. Rf1 Rd7 34. Rf3 Kg5 35. Kc3 h5 36. a4 Rc7+ 37. Kd3 a5 38. Rg3+ Kf5 39. Rf3+
Ke5 40. Re3+ Kf6 41. Rf3+ Ke7 42. Re3+ Kd7 43. Rg3 Rc6 44. Rg5 b6 45. b3 Ke7
46. h4 Kf6 1/2-1/2

[Event "16th Dubai Open 2014"]
[Site "Dubai UAE"]
[Date "2014.04.12"]
[Round "5.15"]
[White "Ashwin, Jayaram"]
[Black "Lalith, Babu M.R"]
[Result "1/2-1/2"]
[WhiteElo "2454"]
[BlackElo "2594"]
[PlyCount "149"]
[EventDate "2014.04.07"]

1. d4 Nf6 2. c4 e6 3. g3 Bb4+ 4. Bd2 c5 5. Bxb4 cxb4 6. Bg2 O-O 7. e3 a5 8. Ne2
d6 9. O-O Na6 10. a3 Rb8 11. axb4 Nxb4 12. Na3 b6 13. Nc3 Ba6 14. Qe2 Qd7 15.
Rfd1 d5 16. b3 Rfc8 17. Rac1 Ne8 18. Ncb5 Nc7 19. Na7 Rd8 20. N7b5 Bxb5 21.
cxb5 Ne8 22. Nb1 Rdc8 23. Nc3 Nd6 24. Bf1 Rc7 25. Na4 Qd8 26. Rxc7 Qxc7 27. f3
Rc8 28. Qd2 Nc2 29. Qc1 Qb7 30. Qd2 Qc7 31. Qc1 Qd8 32. Qd2 Nb4 33. Rc1 Rb8 34.
Kg2 h6 35. Nc3 Qg5 36. Kf2 e5 37. dxe5 Qxe5 38. Na4 Nf5 39. Rc3 Qf6 40. Kg2 Re8
41. Kf2 h5 42. Bh3 Nd6 43. Kg2 Nxb5 44. Bd7 Nxc3 45. Bxe8 Nxa4 46. bxa4 Qe7 47.
Bb5 Qc5 48. Kf2 Nc2 49. Bd3 Na3 50. Ke2 Nc4 51. Qc1 Ne5 52. Qb1 Kf8 53. Bb5 Nc4
54. Qc1 Ne5 55. Qb2 f6 56. Qb1 g6 57. f4 Ng4 58. Qxg6 Qxe3+ 59. Kd1 Nf2+ 60.
Kc2 Qe4+ 61. Qxe4 dxe4 62. Be2 Ng4 63. h3 Ne3+ 64. Kc3 Nf5 65. g4 Ng3 66. Bc4
f5 67. gxf5 Ke7 68. Kd4 Kf6 69. Ke3 h4 70. Ba6 Kxf5 71. Bc8+ Kf6 72. Bd7 Kg6
73. Bc6 Kf5 74. Bd7+ Kf6 75. Bc6 1/2-1/2

[Event "16th Dubai Open 2014"]
[Site "Dubai UAE"]
[Date "2014.04.12"]
[Round "5.16"]
[White "Bogner, Sebastian"]
[Black "Grover, Sahaj"]
[Result "1-0"]
[WhiteElo "2587"]
[BlackElo "2475"]
[PlyCount "101"]
[EventDate "2014.04.07"]

1. d4 f5 2. g3 Nf6 3. Bg2 g6 4. Nf3 Bg7 5. O-O O-O 6. c4 d6 7. Nc3 c6 8. Re1
Na6 9. b3 Qa5 10. Bb2 e5 11. e4 fxe4 12. Nxe4 Nxe4 13. Rxe4 Bf5 14. Re1 e4 15.
Ng5 d5 16. cxd5 cxd5 17. f3 Nc5 18. fxe4 dxe4 19. Nxe4 Nxe4 20. Bxe4 Rae8 21.
Bxf5 Qxf5 22. Rf1 Qe4 23. Re1 Qf5 24. Qd2 Bh6 25. Qg2 Be3+ 26. Kh1 Qd7 27. Rf1
Rxf1+ 28. Rxf1 Bxd4 29. Bxd4 Qxd4 30. Qxb7 Rf8 31. Rxf8+ Kxf8 32. Qf3+ Kg7 33.
Qe2 Qd5+ 34. Kg1 Qd4+ 35. Kg2 Qd5+ 36. Kf2 Qd4+ 37. Kf3 Qd5+ 38. Ke3 Qe5+ 39.
Kd3 Qb5+ 40. Kd2 Qa5+ 41. Kc1 Qc3+ 42. Kb1 Kh6 43. Qc4 Qa5 44. Qh4+ Kg7 45.
Qd4+ Kf7 46. Kb2 h5 47. b4 Qa4 48. a3 Ke6 49. Qe3+ Kf6 50. Qd4+ Ke6 51. Qg7 1-0

[Event "16th Dubai Open 2014"]
[Site "Dubai UAE"]
[Date "2014.04.12"]
[Round "5.17"]
[White "Georgiadis, Nico"]
[Black "Brkic, Ante"]
[Result "1/2-1/2"]
[WhiteElo "2421"]
[BlackElo "2568"]
[PlyCount "117"]
[EventDate "2014.04.07"]

1. e4 c5 2. Nf3 d6 3. d4 cxd4 4. Nxd4 Nf6 5. Nc3 Nc6 6. Bg5 a6 7. Qd2 Nxd4 8.
Qxd4 Qa5 9. Bxf6 gxf6 10. O-O-O Rg8 11. Kb1 f5 12. Qd5 Qxd5 13. Nxd5 Rb8 14. e5
Rg6 15. g3 Bd7 16. exd6 Rxd6 17. Nc7+ Kd8 18. Rxd6 exd6 19. Nd5 Bc6 20. Bg2 Bg7
21. Re1 Bd4 22. c3 Ba7 23. f4 Rc8 24. Rd1 Kd7 25. Bh3 Bxd5 26. Rxd5 Re8 27.
Rxf5 Re1+ 28. Kc2 Ke7 29. Rd5 Re2+ 30. Rd2 Rxd2+ 31. Kxd2 Bg1 32. Ke2 b6 33.
Kf3 a5 34. Bf5 h6 35. h4 Kf6 36. Bg4 Kg6 37. h5+ Kf6 38. Bd7 Ke7 39. Bh3 Kf6
40. g4 Bh2 41. Bf1 Bg1 42. Bc4 Bh2 43. Ke4 Bg3 44. g5+ hxg5 45. fxg5+ Kxg5 46.
Bxf7 Kh6 47. Kd5 Bf4 48. Kc6 Bc1 49. b3 Bd2 50. c4 Be3 51. Kxd6 Bc5+ 52. Kc6
Be3 53. Kb5 Kg5 54. Bg6 Kh6 55. a4 Kg5 56. b4 axb4 57. Kxb4 Kh6 58. a5 Bd2+ 59.
Kb5 1/2-1/2

[Event "16th Dubai Open 2014"]
[Site "Dubai UAE"]
[Date "2014.04.12"]
[Round "5.18"]
[White "Kotsur, Pavel"]
[Black "Tabatabaei, M.amin"]
[Result "1-0"]
[WhiteElo "2557"]
[BlackElo "2298"]
[PlyCount "159"]
[EventDate "2014.04.07"]

1. Nf3 Nf6 2. c4 e6 3. g3 d5 4. Bg2 d4 5. e3 c5 6. exd4 cxd4 7. d3 Nc6 8. O-O
Be7 9. Na3 e5 10. Nc2 a5 11. Bg5 O-O 12. Re1 h6 13. Bxf6 Bxf6 14. Nd2 Bf5 15.
Qe2 Qd7 16. a3 a4 17. Rab1 Rfe8 18. b4 axb3 19. Rxb3 Ra7 20. Bd5 Bg4 21. Qf1
Bg5 22. Nf3 Bh3 23. Qe2 Bg4 24. h3 Bxh3 25. Nxg5 hxg5 26. Qh5 Be6 27. Be4 Bf5
28. Qxg5 Bxe4 29. Rxe4 Re6 30. Qf5 Rd6 31. Qxd7 Rxd7 32. g4 f6 33. f4 exf4 34.
Rxf4 Ra8 35. Re4 Rf8 36. Kg2 f5 37. gxf5 Rxf5 38. Rb5 Rf6 39. Rh5 Rd8 40. Reh4
Rdd6 41. Re4 Rg6+ 42. Kf3 Rg1 43. Ne1 Rf6+ 44. Ke2 Rgf1 45. Rh2 Kf7 46. Rg2
R1f5 47. Nc2 Rd6 48. Rgg4 Rh6 49. Nxd4 Rh2+ 50. Ke3 Rh3+ 51. Kd2 Nxd4 52. Rxd4
Rf2+ 53. Kc3 Ra2 54. Kb3 Rd2 55. Rd7+ Kf6 56. Rd6+ Ke7 57. Rgd4 g5 58. Kc3 Ra2
59. Rd7+ Ke6 60. Rxb7 Rxa3+ 61. Rb3 Ra1 62. Rb6+ Ke5 63. Rd5+ Kf4 64. Rf6+ Kg4
65. Rg6 Rh5 66. c5 Kh4 67. d4 Rc1+ 68. Kd3 g4 69. Rxh5+ Kxh5 70. Rg8 Kh4 71.
Ke4 g3 72. Kd5 Kh3 73. Kc6 Rc4 74. Rh8+ Kg2 75. d5 Kf3 76. Rh1 Rh4 77. Rf1+ Ke2
78. Ra1 g2 79. d6 Kd3 80. Rg1 1-0

[Event "16th Dubai Open 2014"]
[Site "Dubai UAE"]
[Date "2014.04.12"]
[Round "5.19"]
[White "Ghaem Maghami, Ehsan"]
[Black "Al-Hadarani, Hatim"]
[Result "1-0"]
[WhiteElo "2556"]
[BlackElo "2249"]
[PlyCount "69"]
[EventDate "2014.04.07"]

1. Nf3 d5 2. d4 c6 3. c4 e6 4. Qc2 Bd6 5. g3 f5 6. Bf4 Bxf4 7. gxf4 Nf6 8. Rg1
O-O 9. e3 a5 10. Nc3 Na6 11. a3 Bd7 12. Ne5 Be8 13. Be2 Kh8 14. Qb3 Rb8 15. c5
b5 16. Qc2 Ne4 17. Nxe4 dxe4 18. f3 Qh4+ 19. Kd2 Bh5 20. Raf1 exf3 21. Bxf3
Bxf3 22. Nxf3 Qd8 23. Ne5 Qd5 24. Kc1 Rb7 25. Qg2 Nb8 26. Kc2 Rf6 27. b3 Kg8
28. Ra1 Rh6 29. Kc3 Rc7 30. Ra2 Na6 31. Kb2 Nb8 32. Ka1 Na6 33. Qg5 Rh3 34.
Rag2 Kh8 35. Qf6 1-0

[Event "16th Dubai Open 2014"]
[Site "Dubai UAE"]
[Date "2014.04.12"]
[Round "5.20"]
[White "Ahmadinia, Ebrahim"]
[Black "Jones, Gawain C B"]
[Result "0-1"]
[WhiteElo "2353"]
[BlackElo "2650"]
[PlyCount "94"]
[EventDate "2014.04.07"]

1. c4 d6 2. Nc3 g6 3. g3 Bg7 4. Bg2 Nc6 5. e4 h5 6. h4 Nd4 7. Nce2 c5 8. d3 Nc6
9. Nc3 Nd4 10. Nce2 Nf6 11. Nxd4 cxd4 12. Nh3 Ng4 13. O-O e5 14. Bd2 Bd7 15.
Rc1 a5 16. Qe2 Qb6 17. Rb1 Bh6 18. Ng5 f6 19. Nf3 Bxd2 20. Qxd2 Ke7 21. b3 Qb4
22. Qc1 b5 23. Nh2 Qc3 24. Qd1 bxc4 25. bxc4 Rab8 26. Nxg4 hxg4 27. Rc1 Qa3 28.
f3 Ba4 29. Qd2 Rb2 30. Qxa5 Qxa2 31. Bh1 Bd7 32. Qxa2 Rxa2 33. fxg4 g5 34. c5
gxh4 35. cxd6+ Ke6 36. Rf2 Rxf2 37. Kxf2 h3 38. Bf3 Ra8 39. Kg1 Ra2 40. Rb1
Kxd6 41. Rb6+ Bc6 42. g5 fxg5 43. Kh1 Ra3 44. Be2 Ra1+ 45. Kh2 Ra2 46. Kxh3
Rxe2 47. Kg4 Re3 0-1

[Event "16th Dubai Open 2014"]
[Site "Dubai UAE"]
[Date "2014.04.12"]
[Round "5.21"]
[White "Petrosian, Tigran L"]
[Black "Ravi, Teja S"]
[Result "1-0"]
[WhiteElo "2627"]
[BlackElo "2354"]
[PlyCount "83"]
[EventDate "2014.04.07"]

1. Nf3 d5 2. g3 Nf6 3. Bg2 c6 4. c4 Bg4 5. Ne5 Be6 6. O-O Nbd7 7. cxd5 Bxd5 8.
Nf3 c5 9. Nc3 Bc6 10. d3 e6 11. e4 Be7 12. Qe2 b5 13. d4 O-O 14. Rd1 b4 15. d5
Bb7 16. dxe6 fxe6 17. e5 Nd5 18. Ne4 h6 19. Bh3 Nc7 20. Bg4 Bd5 21. h4 Qc8 22.
Nd6 Qd8 23. Bf4 Nb6 24. b3 a6 25. Qe3 Nb5 26. Rxd5 exd5 27. Be6+ Kh8 28. Nf7+
Rxf7 29. Bxf7 d4 30. Qd3 Nc3 31. Qg6 Qf8 32. Re1 Nbd5 33. Bd2 Ra7 34. e6 Nf6
35. Ne5 Bd6 36. Bxh6 Bxe5 37. Rxe5 d3 38. Rg5 gxh6 39. Qxf6+ Kh7 40. Rg8 Qxg8
41. Bxg8+ Kxg8 42. e7 1-0